Operations Management Theory & Practice 3rd ed. (Record no. 9730)

MARC details
000 -LEADER
fixed length control field 00384nam a2200145Ia 4500
008 - FIXED-LENGTH DATA ELEMENTS--GENERAL INFORMATION
fixed length control field 221030s9999 xx 000 0 und d
020 ## - INTERNATIONAL STANDARD BOOK NUMBER
ISBN 9789332541092
100 ## - MAIN ENTRY--AUTHOR NAME
Personal name B. Mahadevan
245 #0 - TITLE STATEMENT
Title Operations Management Theory & Practice 3rd ed.
Statement of responsibility, etc by B. Mahadevan
250 ## - EDITION STATEMENT
Edition statement 3rd
260 ## - PUBLICATION, DISTRIBUTION, ETC. (IMPRINT)
Name of publisher Pearson Education
Place of publication Noida
Year of publication 2021
300 ## - PHYSICAL DESCRIPTION
Number of Pages 610
650 ## - SUBJECT ADDED ENTRY--TOPICAL TERM
Topical Term Management
942 ## - ADDED ENTRY ELEMENTS (KOHA)
Koha item type Books
Source of classification or shelving scheme Dewey Decimal Classification
Holdings
Accession Number Cost, normal purchase price Bill Date Source of acquisition Price effective from Koha item type Withdrawn / writtenoff status Materials specified (bound volume or other part) Damaged status Not for loan Permanent Location Current Location Shelving location Date acquired Lost/ Missing status department
BBA 130 729.00 45 RKB 10/30/2022 Books   Print   Not For Loan MIET Library, Jammu MIET Library, Jammu BL-Academic Block B, FL-2, CUP-173, SH-3, R-3 09/02/2021   BBA
BBA 131 729.00 45 RKB 10/30/2022 Books   Print     MIET Library, Jammu MIET Library, Jammu BL-Academic Block B, FL-2, CUP-139, SH-3, R-3 09/02/2021   BBA
BBA 132 729.00 45 RKB 10/30/2022 Books   Print     MIET Library, Jammu MIET Library, Jammu BL-Academic Block B, FL-2, CUP-139, SH-3, R-3 09/02/2021   BBA